| 000 | 00526nam a2200181Ia 4500 | ||
|---|---|---|---|
| 008 | 140529s9999 xx 000 0 und d | ||
| 020 | _a9780199238798 | ||
| 050 |
_aBT 135 _b.L37 2008 |
||
| 100 | _aLangtry, Bruce. | ||
| 245 |
_aGod, the best, and evil / _cBruce Langtry |
||
| 260 |
_aOxford ; New York : _bOxford University Press, _cc2008. |
||
| 300 |
_a237 p. ; _c23 cm. |
||
| 500 | _aIncludes bibliographical references and index. | ||
| 521 | _aGE | ||
| 650 | _aGood and evil. | ||
| 942 |
_kFOR _cBK |
||
| 999 |
_c117733 _d117733 |
||